Statistics for FC Porto Trivia

Click here to take the quiz!

General Stats

  • This quiz has been taken 213 times
    (63 since last reset)
  • The average score is 13 of 17

Answer Stats

QuestionAnswer% Correct
What is the name of Porto’s stadium?Estádio do Dragão
98%
Which legendary Portuguese manager guided Porto to the 2003/04 UEFA Champions League?José Mourinho
96%
Who is the current captain of Porto?Pepe
96%
With which club does Porto contest O Clássico?Benfica
93%
Who is the current head coach of Porto?Sérgio Conceição
91%
What is Porto’s nickname, which translates into English as “The Dragons”?Os {Dragões}
89%
Who is Porto’s record sale, joining Real Madrid for £45m in 2019?Éder Militão
85%
Which two clubs have Porto beaten in European Cup Finals?Monaco
84%
Which two managers have won the Quadruple with Porto, in 1987/88 and 2010/11?André Villas-Boas
75%
Which two clubs have Porto beaten in European Cup Finals?Bayern Munich
69%
Who is Porto’s record signing, arriving for £20m from Braga in 2022?David Carmo
69%
At which stadium did Porto play from 1952 until 2004?Estádio das Antas
69%
Which Porto player won the 1998/99 European Golden Shoe after scoring 36 Primeira Liga goals?Mário Jardel
64%
Which Portuguese is Porto’s all-time record goalscorer with 352?Fernando Gomes
60%
Which Portuguese holds the record for most Porto appearances with 587?João Pinto
51%
Who is Porto’s longest-serving manager, having taken charge of the team for 327 matches in nine seasons?José Maria Pedroto
51%
Which two managers have won the Quadruple with Porto, in 1987/88 and 2010/11?Tomislav Ivić
18%

Score Distribution

Percentile by Number Answered

Percent of People with Each Score

Your Score History

You have not taken this quiz since the last reset